| 000 | 00518nam a2200193Ia 4500 | ||
|---|---|---|---|
| 003 | GCL | ||
| 008 | 140319s9999 xx 000 0 eng d | ||
| 040 |
_aGCL / _cGCL |
||
| 082 | 0 | 4 |
_a190.904 _bB S |
| 100 | 1 | _aBERRY, PHILIPPA | |
| 245 | 1 | 0 |
_aSHADOW OF SPIRIT: POSTMODERNISM AND RELIGION / _cBERRY, PHILIPPA |
| 700 | 1 | _aWERNICK, ANDREW (EDIT.) | |
| 260 |
_a[S.N] : _bROUTLEDGE ، _c1992 |
||
| 300 | _a274 P | ||
| 650 | 0 | 4 | _aRELIGION |
| 650 | 0 | 4 | _aRELIGION CONGRESSES |
| 650 | 0 | 4 | _aPOST MODERNISM |
| 942 |
_2ddc _cBK |
||
| 999 |
_c20798 _d20798 |
||